000 004340000a22001930004500
001 265
003 CO-MdFUSB
005 20170517174310.0
008 170515b xxu||||| |||| 00| 0 eng d
020 _a958-04-7661-6
040 _cCO-MdBIC
082 0 4 _a863C B862b
100 1 _aPez, Alberto
245 1 0 _aBa-Bau / Alberto Pez
260 _aNorma : Norma
300 _a[36 P.]
650 1 4 _aLiteraatura Infantil
942 _cLGB
999 _c47512
_d47512